Western civilization: (Record no. 1212)
[ view plain ]
| 000 -LEADER | |
|---|---|
| fixed length control field | 00533nam a22001937a 4500 |
| 008 - FIXED-LENGTH DATA ELEMENTS--GENERAL INFORMATION | |
| fixed length control field | 151002b xxu||||| |||| 00| 0 eng d |
| 020 ## - INTERNATIONAL STANDARD BOOK NUMBER | |
| International Standard Book Number | 0534627234 |
| 041 0# - LANGUAGE CODE | |
| Language code of text/sound track or separate title | eng |
| 080 ## - UNIVERSAL DECIMAL CLASSIFICATION NUMBER | |
| Universal Decimal Classification number | 17.023.36 |
| 245 10 - TITLE STATEMENT | |
| Title | Western civilization: |
| Statement of responsibility, etc | Jackson J. Spielvogel. |
| 250 ## - | |
| -- | 3rd. ed. |
| 260 ## - | |
| -- | `USA: |
| -- | Thomson learning, Inc |
| -- | 2005. |
| 300 ## - | |
| -- | 592 f.: |
| -- | me il.; |
| -- | 28 cm. |
| -- | CD; ISBN: 9781418848255 |
| 650 #0 - | |
| -- | Civilizimi |
| 650 #0 - | |
| -- | Perfeksionimi |
| 650 #0 - | |
| -- | Progresi |
| 650 #0 - | |
| -- | Kultura |
| 942 ## - ADDED ENTRY ELEMENTS (KOHA) | |
| Source of classification or shelving scheme | |
| Item type | Books |
| Withdrawn status | Lost status | Source of classification or shelving scheme | Damaged status | Not for loan | Collection code | Permanent location | Current location | Shelving location | Date acquired | Total Checkouts | Full call number | Barcode | Date last seen | Koha item type | Price effective from |
|---|---|---|---|---|---|---|---|---|---|---|---|---|---|---|---|
| Koleksioni i përgjithshem | UBT - Lipjan | UBT - Lipjan | Koleksioni i përgjithshem | 10/02/2015 | 17.023.36 SPI | 002-008463 | 10/02/2015 | Books | |||||||
| Koleksioni i përgjithshem | UBT - Lipjan | UBT - Lipjan | Koleksioni i përgjithshem | 10/06/2015 | 17.023.36 SPI | 002-008462 | 10/06/2015 | Books | 10/06/2015 | ||||||
| Koleksioni i përgjithshem | UBT - Lipjan | UBT - Lipjan | Koleksioni i përgjithshem | 10/06/2015 | 17.023.36 SPI | 002-008461 | 06/01/2017 | Books | 10/06/2015 | ||||||
| Koleksioni i përgjithshem | UBT - Lipjan | UBT - Lipjan | Koleksioni i përgjithshem | 10/06/2015 | 17.023.36 SPI | 002-008460 | 10/06/2015 | Books | 10/06/2015 | ||||||
| Koleksioni i përgjithshem | UBT - Lipjan | UBT - Lipjan | Koleksioni i përgjithshem | 12/02/2015 | 17.023.36 SPI | 002-008626 | 06/09/2017 | Books | 12/02/2015 |